| 000 | 00658nam a22001937a 4500 | ||
|---|---|---|---|
| 005 | 20240216143845.0 | ||
| 010 | _aENG-139326 | ||
| 020 |
_c1795.00 _a9788196241018 |
||
| 035 | _aEN-122858 | ||
| 037 | _bDBAD/PUB | ||
| 082 | _a658.848 | ||
| 100 |
_aSarvaria, S K _962224 |
||
| 245 |
_aCommentary The Foreigh Exchange Management Act/ _cBy S K Sarvaria and Apoorv Sarvaria |
||
| 260 |
_aHaryana _bLexisNexis _c2022 |
||
| 270 |
_a14 floor,Building no.10, Tower-B,DLF Cyber City ,Phase-II _bGurgaon _e122002 _k911244774444 _l911244774100 |
||
| 300 |
_a961p. _c25cm(hb) |
||
| 700 |
_aSarvaria Apoorv _962205 |
||
| 942 |
_2ddc _cEN _mSAR _h658.848 |
||
| 999 |
_c200840 _d200840 |
||